000 00258nam a22001217a 4500
008 170928b xxu||||| |||| 00| 0 eng d
041 _aeng
080 _a37
100 _a47
101 _aEDU
245 _aCOMP WHAT S INSIDE
_cMEYER.V
942 _2udc
_cBK
999 _c30358
_d30358